| 000 | 00525 a2200157 4500 | ||
|---|---|---|---|
| 020 | _a 096409228 | ||
| 082 | _a 338.9 | ||
| 090 |
_c3362 _d3362 |
||
| 100 | _aDil, Anwar. | ||
| 245 |
_aToward Eradicating Hunger and Poverty: Life and Work of Per Pinstrup-Andersen _c Anwar Dil |
||
| 260 |
_a Islamabad: _bIntercultural Forum, _c2003. |
||
| 300 |
_a616 p. _b: ill. _c; 25 cm. |
||
| 500 | _aIncludes Index | ||
| 650 | _a1.Hunger.2.Poverty.3.Food. 4.International cooperation and development.5.Food policy | ||
| 942 |
_cBK _k 338.9 DIL |
||
| 999 |
_c7275 _d7275 |
||